00179nam a2200073Ia 4500008004100000082000800041100002000049245003600069240331s9999 xx 000 0 und d bKAN aKannangara, N.D 0aJaffna and the Sinhala heritage